Scientific change : (Record no. 61823)

MARC details
000 -LEADER
fixed length control field 01481nam a2200349 a 4500
001 - CONTROL NUMBER
control field vtls000058517
003 - CONTROL NUMBER IDENTIFIER
control field NLI
005 - DATE AND TIME OF LATEST TRANSACTION
control field 20210601191248.0
008 - FIXED-LENGTH DATA ELEMENTS--GENERAL INFORMATION
fixed length control field 101125s1963 enk 101 0 eng
020 ## - INTERNATIONAL STANDARD BOOK NUMBER
Terms of availability USD 105.00
039 #9 - LEVEL OF BIBLIOGRAPHIC CONTROL AND CODING DETAIL [OBSOLETE]
-- 201011250554
-- VLOAD
040 ## - CATALOGING SOURCE
Original cataloging agency NLI
Language of cataloging eng
Transcribing agency VTLS
Description conventions AACR2
041 0# - LANGUAGE CODE
Language code of text/sound track or separate title eng
044 ## - COUNTRY OF PUBLISHING/PRODUCING ENTITY CODE
MARC country code enk
082 04 - DEWEY DECIMAL CLASSIFICATION NUMBER
Classification number 509
111 2# - MAIN ENTRY--MEETING NAME
Meeting name or jurisdiction name as entry element Symposium on the History of Science
Date of meeting or treaty signing (1961 :
Location of meeting Oxford)
9 (RLIN) 146668
245 10 - TITLE STATEMENT
Title Scientific change :
Remainder of title historical studies in the intellectual, socience and technical conditions for Scientific discovery and technical invention, from antiquity to the present /
Statement of responsibility, etc. edited by A. C. Crombie
260 ## - PUBLICATION, DISTRIBUTION, ETC.
Place of publication, distribution, etc. London :
Name of publisher, distributor, etc. Heinemann,
Date of publication, distribution, etc. 1963
300 ## - PHYSICAL DESCRIPTION
Extent x, 896 p. ;
Dimensions 22 cm.
500 ## - GENERAL NOTE
General note This is a symposium on the history of science, University of oxford, July 9-15, 1961 organised under the division of history of science of the international union of the history and philosophy of science
504 ## - BIBLIOGRAPHY, ETC. NOTE
Bibliography, etc. note Includes bibliographical references and index
650 #0 - SUBJECT ADDED ENTRY--TOPICAL TERM
Topical term or geographic name entry element Science
General subdivision history
Form subdivision Congresses
9 (RLIN) 139384
650 #0 - SUBJECT ADDED ENTRY--TOPICAL TERM
Topical term or geographic name entry element Technology
General subdivision History
9 (RLIN) 4466
700 1# - ADDED ENTRY--PERSONAL NAME
Personal name Crombie, A. C.,
Relationship edt
9 (RLIN) 146669
710 1# - ADDED ENTRY--CORPORATE NAME
Corporate name or jurisdiction name as entry element International Union of the History and Philosophy of Science.
Subordinate unit Division of History of Science Division of Listory of Science
9 (RLIN) 146670
887 ## - NON-MARC INFORMATION FIELD
Content of non-MARC field
901 ## - LOCAL DATA ELEMENT A, LDA (RLIN)
a 358583
b 01.01.1964
902 ## - LOCAL DATA ELEMENT B, LDB (RLIN)
a E509 Sy68
906 ## - LOCAL DATA ELEMENT F, LDF (RLIN)
a 0006145
949 ## - LOCAL PROCESSING INFORMATION (OCLC)
-- VIRTUAITEM
-- 10000
-- 100
6 PUR000358583ENG
942 ## - ADDED ENTRY ELEMENTS (KOHA)
Source of classification or shelving scheme Dewey Decimal Classification
Koha item type Books
Holdings
Withdrawn status Lost status Damaged status Not for loan Collection code Home library Current library Shelving location Date acquired Total Checkouts Full call number Barcode Date last seen Price effective from Koha item type
        New English National Library of India National Library of India New English - Main Stack Division     E509 Sy68 PUR000358583ENG 01/06/2021 01/06/2021 Books
                                                                           
web counter

Copyright ©2020 The National Library of India, Govt. of India ↔ Hosted by NVLI, MOC ↔ Technology and Design by National Library of India, Ministry of Culture, Govt. of India